| 000 | 00856 a2200265 4500 | ||
|---|---|---|---|
| 003 | CBULib | ||
| 005 | 20241023070154.0 | ||
| 008 | 241023b |||||||| |||| 00| 0 eng d | ||
| 020 | _a9780128045251 | ||
| 040 |
_bEnglish _cCBULib _erda |
||
| 050 | _aQA 297 Att | ||
| 100 | 1 |
_93809 _aAttaway, Stormy |
|
| 245 |
_aMatlab : a practical introduction to programming and problem solving _c/ by Stormy Attaway |
||
| 250 | _aFourth edition | ||
| 260 |
_aOxford : _bButterworth-Heinemann, _c2017 |
||
| 300 | _axxii, 574 pages : illustrations | ||
| 336 |
_2rdacontent _aText | _btxt |
||
| 337 |
_2rdamedia _aUnmediated | _bn |
||
| 338 |
_2rdacarrier _aVolume _bnc |
||
| 504 | _aIncludes an index (pages 567-574). | ||
| 650 | 0 |
_93004 _bCOMPUTER PROGRAMMING |
|
| 650 | 0 |
_93810 _aCOMPUTER SCIENCE |
|
| 650 | 0 |
_93811 _aELECTRONIC DATA PROCESSING |
|
| 942 |
_2lcc _c002 |
||
| 999 |
_c85559 _d85559 |
||